00326nam a2200109Ia 4500008004100000082000800041100001100049245004000060942000600100952009500106999001500201240331s9999 xx 000 0 und d bSOM aSomu,M 0aIlangai nattu tenaliraman kathaigal cL 001040708LaWERCLbWERCLcSSCd2024-03-31l0o 398 SOMp5128r2024-03-31w2024-03-31yL c3652d3652